Marketingové stratégie pre podporu predaja elektrických vozidiel diplomová práca

Salvato in:
Dettagli Bibliografici
Autore principale: Pavlík, Samuel
Ente Autore: Obchodná fakulta EU. Katedra marketingu
Altri autori: Rehák, Róbert, 1984-
Natura: Libro
Lingua:slovacco
Pubblicazione: Bratislava 2025
Tags: Aggiungi Tag
Nessun Tag, puoi essere il primo ad aggiungerne!!

MARC

LEADER 00000nbm a2200000 4500
001 0310136
005 20251104121933.9
041 0 |a slo 
044 |a SK 
245 1 0 |a Marketingové stratégie pre podporu predaja elektrických vozidiel  |b diplomová práca  |c Samuel Pavlík ; školiteľ: Róbert Rehák 
264 1 |a Bratislava  |c 2025 
300 |a 64 s. 
100 1 |a Pavlík, Samuel 
700 1 |a Rehák, Róbert, 1984- 
710 2 |a Obchodná fakulta EU. Katedra marketingu